00788nam a22002297a 4500010001300000020002300013035001300036037001800049040001200067082001700079100001600096245007600112260004100188270004300229300002000272650003900292650002900331650002300360942002600383999001900409952013000428 aB-166015 a818832275c1000.00 aB-166015 bCen Lib / Ret aDPLbEN a332.103bSUR aSuresh Kant aEncyclopaedic dictionary of banking & financial terms /cby Suresh Kant aNew DelhibOcean Books Pvt Ltdc2005 a4/19, Asaf Ali RoadbNew Delhie110002 a1001pc27cm(Hb) aBanks and banking -- Dictionaries. aFinance -- Dictionaries. aBanks and banking. 2ddccENh332.103mSUR c136881d136881 00104070aLbLd2016-03-11eCen Lib/Retg1000.00l0o332.103 SURpB-166015r2016-03-11 00:00:00t1v1000.00w2016-07-27yEN